SPIRITUAL BLOSSOMING (Record no. 1085616)

MARC details
000 -LEADER
fixed length control field 00475nam a2200193Ia 4500
008 - FIXED-LENGTH DATA ELEMENTS--GENERAL INFORMATION
fixed length control field 151119s9999||||xx |||||||||||||| ||und||
082 ## - DEWEY DECIMAL CLASSIFICATION NUMBER
Classification number 820SHA/SPI
082 ## - DEWEY DECIMAL CLASSIFICATION NUMBER
Item number GKKV33317
100 ## - MAIN ENTRY--PERSONAL NAME
Personal name SHANTANAND SWAMI
245 ## - TITLE STATEMENT
Title SPIRITUAL BLOSSOMING
260 ## - PUBLICATION, DISTRIBUTION, ETC. (IMPRINT)
Place of publication, distribution, etc Culcutta
260 ## - PUBLICATION, DISTRIBUTION, ETC. (IMPRINT)
Name of publisher, distributor, etc Swami Mumukshananda
260 ## - PUBLICATION, DISTRIBUTION, ETC. (IMPRINT)
Date of publication, distribution, etc 0
600 ## - SUBJECT ADDED ENTRY--PERSONAL NAME
Personal name SHANTANAND SWAMI
630 ## - SUBJECT ADDED ENTRY--UNIFORM TITLE
Uniform title SPIRITUAL BLOSSOMING
700 ## - ADDED ENTRY--PERSONAL NAME
Personal name SHANTANAND SWAMI
730 ## - ADDED ENTRY--UNIFORM TITLE
Uniform title SPIRITUAL BLOSSOMING
942 ## - ADDED ENTRY ELEMENTS (KOHA)
Koha item type Book
Holdings
Withdrawn status Lost status Damaged status Not for loan Home library Current library Date acquired Cost, normal purchase price Total Checkouts Full call number Barcode Date last seen Cost, replacement price Price effective from Koha item type
        G.K. Khandekar Vachanalaya, Mulund G.K. Khandekar Vachanalaya, Mulund 02/21/2014 0.00   GKKV33317 GKKV33317 11/19/2015 0.00 11/19/2015 Book